000 00679cam a2200241 4500
001 M1867
008 090401t1995 xxu||||| |||| 00| 0 eng d
035 _a(Sirsi) u34963
041 _aeng
050 _a728.9025
110 _aRural Design and Building Association
_934
245 _aRural Design & Building Association members register 1995.
250 _a2nd ed.
260 _aKenilworth, Warwickshire
_bRural Design and Building Association
_c1995
300 _a31p. : ill. ; 30cm.
350 _a0
650 _aAGRICULTURAL BUILDINGS
650 _aBUILT ENVIRONMENT
650 _aDIRECTORIES
690 _aBUILT ENVIRONMENT
942 _n0
948 _c04/03/1997
999 _c90017
_d90017